Sociální analýza a prognóza rozvoje pracovních kolektivů
Salvato in:
| Autore principale: | |
|---|---|
| Natura: | Libro |
| Lingua: | ceco |
| Pubblicazione: |
Praha
Horizont
1983
|
| Tags: |
Nessun Tag, puoi essere il primo ad aggiungerne!!
|
MARC
| LEADER | 00000nam a2200000 4500 | ||
|---|---|---|---|
| 001 | c115013 | ||
| 005 | 20041019155200.2 | ||
| 041 | 0 | |a cze | |
| 044 | |a CZ | ||
| 245 | 1 | 0 | |a Sociální analýza a prognóza rozvoje pracovních kolektivů |c Jaroslav Kohout a kol. |
| 264 | 1 | |a Praha |b Horizont |c 1983 | |
| 300 | |a 120 s. | ||
| 100 | 1 | |a Kohout, Jaroslav | |